000 01293nam a2200337 a 4500
001 36263
003 BD-RjUL
005 20211209052448.0
008 140618s1990 enkb b 001 0 eng
020 _a0521373484
035 _a(BD-RjUL)36360
040 _aDLC
_cDLC
_dBD-RjUL
_beng
041 _aeng
082 0 0 _a954.904
_219
_bJAS 1990
100 1 _aJalal, Ayesha.
_942727
245 1 4 _aThe state of martial rule :
_bthe origins of Pakistan's political economy of defence /
_cAyesha Jalal.
260 _aCambridge [England] ; New York :
_bCambridge University Press,
_cc1990.
300 _axi, 362 p. :
_c23 cm.
_bill. ;
490 1 _aCambridge South Asian studies ;
_v46
504 _aIncludes bibliographical references (p. 331-336) and index.
650 0 _aMartial law
_zPakistan.
_917036
651 0 _aPakistan
_xPolitics and government.
_9110359
651 0 _aPakistan
_xDefenses.
_9110360
651 0 _aPakistan
_xEconomic conditions.
_9110361
830 1 _aCambridge South Asian studies ;46
_9110385
856 4 2 _3Publisher description
_uhttp://www.loc.gov/catdir/enhancements/fy0803/89007266-d.html
856 4 1 _3Table of contents only
_uhttp://www.loc.gov/catdir/enhancements/fy0803/89007266-t.html
942 _2ddc
_cBK
999 _c36263
_d36263